000 00454nam a2200181Ia 4500
008 230524s9999 xx 000 0 und d
020 _a0070482950
082 _a621.382
_bSUD
100 _aA.Sudhakar
245 0 _aCircuits and Networks (Analysis and Synthesis)
250 _a2ND
260 _aNEW DELHI
_bTMH
_c2004
300 _axix;826
500 _aQuantity Number: 26
650 _aElectrical
700 _a Shyammohan S.Palli
942 _cBK
999 _c33183
_d33183